[Event "12th ChessMates International, York"]
[Site "York Guildhall"]
[Date "2025.03.21"]
[Round "1.23"]
[White "Wink, Luka"]
[Black "Quaite, Toby"]
[Result "1-0"]
[WhiteElo "2147"]
[BlackElo "1905"]
[PlyCount "59"]
[EventDate "2025.??.??"]
[WhiteTeam "Rotterdamse Schaakbond"]
[BlackTeam "Yorkshire"]

1. e4 c5 2. Nf3 Nf6 3. e5 Nd5 4. Nc3 e6 5. Ne4 f5 6. Nc3 Nb4 7. a3 N4c6 8. b4
d5 9. exd6 Bxd6 10. Bc4 Nd4 11. Bb2 Nbc6 12. Nb5 Nxb5 13. Bxb5 O-O 14. O-O cxb4
15. Re1 bxa3 16. Bxa3 Kh8 17. Bxc6 bxc6 18. Ne5 Qc7 19. Bb2 Rb8 20. Bd4 c5 21.
Bc3 Rb5 22. Ra4 Be7 23. h4 Bf6 24. h5 a6 25. Ng6+ hxg6 26. hxg6 Rd8 27. Qh5+
Kg8 28. Qh7+ Kf8 29. Bxf6 Ke8 30. Qg8+ 1-0

[Event "12th ChessMates International, York"]
[Site "York Guildhall"]
[Date "2025.03.21"]
[Round "1.24"]
[White "Wainwright, Charlie"]
[Black "Lopes, Samuel"]
[Result "0-1"]
[WhiteElo "1783"]
[BlackElo "2026"]
[PlyCount "44"]
[EventDate "2025.??.??"]
[WhiteTeam "Yorkshire"]
[BlackTeam "Rotterdamse Schaakbond"]

1. d4 Nf6 2. c4 c5 3. d5 e5 4. Nc3 d6 5. e4 Be7 6. h3 O-O 7. Nf3 Na6 8. Be3 Nc7
9. Bd3 Kh8 10. O-O Ng8 11. Kh2 g6 12. Qd2 f5 13. Bg5 f4 14. Bxe7 Qxe7 15. g3 g5
16. Kg2 Bxh3+ 17. Kxh3 g4+ 18. Kxg4 Qd7+ 19. Kh4 Rf6 20. Nxe5 Rh6+ 21. Kg5 dxe5
22. Rh1 Qg7+ 0-1

[Event "12th ChessMates International, York"]
[Site "York Guildhall"]
[Date "2025.03.21"]
[Round "1.25"]
[White "Terlouw, Wouter"]
[Black "Ganti, Shriaansh"]
[Result "1-0"]
[WhiteElo "2092"]
[BlackElo "1980"]
[PlyCount "104"]
[EventDate "2025.??.??"]
[WhiteTeam "Rotterdamse Schaakbond"]
[BlackTeam "Yorkshire"]

1. d4 d5 2. Nf3 Nf6 3. g3 Bf5 4. Bg2 e6 5. c4 c6 6. Nc3 h6 7. Qb3 Qb6 8. c5
Qxb3 9. axb3 Nbd7 10. b4 a6 11. h3 Be7 12. g4 Bg6 13. Bf4 O-O 14. O-O Ne4 15.
Nxe4 Bxe4 16. Nd2 Bxg2 17. Kxg2 f5 18. e3 fxg4 19. hxg4 Bf6 20. Bd6 Rf7 21. Nb3
e5 22. f4 exd4 23. exd4 Be7 24. Be5 Nf6 25. g5 Ng4 26. g6 Rf5 27. Kg3 Ne3 28.
Rf3 Nc4 29. Na5 Nxe5 30. dxe5 Rb8 31. Nb3 Bd8 32. Nd4 Rf8 33. Ne6 Re8 34. f5
Ra8 35. Re1 a5 36. b5 a4 37. b6 Ra5 38. Ra1 Bg5 39. b4 Raa8 40. Nc7 Bd2 41. f6
Rec8 42. f7+ Kf8 43. Nxa8 Rxa8 44. Rfa3 d4 45. Rxa4 Rd8 46. Ra8 Bg5 47. Rxd8+
Bxd8 48. Ra8 Ke7 49. Rxd8 Kxd8 50. f8=Q+ Kd7 51. Qf7+ Kd8 52. e6 d3 1-0

[Event "12th ChessMates International, York"]
[Site "York Guildhall"]
[Date "2025.03.21"]
[Round "1.26"]
[White "Burke, Alex"]
[Black "Westerhof, Fleur"]
[Result "0-1"]
[WhiteElo "1816"]
[BlackElo "1957"]
[PlyCount "76"]
[EventDate "2025.??.??"]
[WhiteTeam "Yorkshire"]
[BlackTeam "Rotterdamse Schaakbond"]

1. e4 e5 2. Nf3 Nc6 3. Bb5 a6 4. Ba4 Nf6 5. O-O Be7 6. Bxc6 dxc6 7. d3 Bd6 8.
Nbd2 b5 9. d4 Qe7 10. dxe5 Bxe5 11. Nxe5 Qxe5 12. Nf3 Qh5 13. Qd4 O-O 14. Bf4
c5 15. Qd3 Bb7 16. Nd2 Rad8 17. Qc3 b4 18. Qc4 Rd4 19. Qb3 Rfd8 20. f3 Rxd2 21.
Bxd2 Rxd2 22. Rad1 Qg5 23. Rxd2 Qxd2 24. Qd3 Qxd3 25. cxd3 Kf8 26. Rc1 Nd7 27.
d4 Ke7 28. dxc5 Ne5 29. Rd1 Bc6 30. Kf2 Bb5 31. Ke3 Nc4+ 32. Kd4 Nxb2 33. Rb1
Nd3 34. Rb3 Ne1 35. Rb2 Kd7 36. f4 Nd3 37. Rb3 Nxf4 38. Rg3 Ne2+ 0-1

[Event "12th ChessMates International, York"]
[Site "York Guildhall"]
[Date "2025.03.21"]
[Round "1.27"]
[White "Koppenens, Oscar"]
[Black "Madzia, Nathan"]
[Result "1/2-1/2"]
[WhiteElo "1986"]
[BlackElo "1867"]
[PlyCount "65"]
[EventDate "2025.??.??"]
[WhiteTeam "Rotterdamse Schaakbond"]
[BlackTeam "Yorkshire"]

1. e4 c5 2. Nf3 d6 3. d4 cxd4 4. Nxd4 Nf6 5. Nc3 g6 6. Be3 Bg7 7. f3 O-O 8. Qd2
Nc6 9. O-O-O d5 10. Nxc6 bxc6 11. Bc4 Qa5 12. Bb3 Rd8 13. Kb1 d4 14. e5 Ba6 15.
Bxd4 c5 16. exf6 Rxd4 17. Qe3 Bxf6 18. Rxd4 cxd4 19. Qe4 Rd8 20. Nd5 Qc5 21.
Re1 Kf8 22. Nxf6 exf6 23. Rd1 Qe5 24. Qxe5 fxe5 25. Kc1 Kg7 26. Re1 Re8 27. Kd2
f5 28. Bd5 Kf6 29. a4 Rd8 30. Bc6 Rd6 31. Ba8 Rd8 32. Bc6 Rd6 33. Ba8 1/2-1/2

[Event "12th ChessMates International, York"]
[Site "York Guildhall"]
[Date "2025.03.21"]
[Round "1.31"]
[White "Rohde, Niclas"]
[Black "Marchix, Esteban"]
[Result "1/2-1/2"]
[WhiteElo "2147"]
[BlackElo "2170"]
[PlyCount "55"]
[EventDate "2025.??.??"]
[WhiteTeam "LSJ Sachsen-Anhalt"]
[BlackTeam "Monaco"]
[BlackTeamCountry "MNC"]

1. e4 c5 2. Nf3 e6 3. d4 cxd4 4. Nxd4 Nc6 5. Nc3 Qc7 6. Be2 a6 7. Qd3 Nf6 8.
Nxc6 bxc6 9. Qg3 Qxg3 10. hxg3 d5 11. g4 Bb4 12. Bd2 d4 13. Nb1 Rb8 14. c3 Bc5
15. b4 Be7 16. a3 Nxe4 17. Bf4 Ra8 18. Bf3 f5 19. Nd2 O-O 20. cxd4 a5 21. bxa5
Rxa5 22. Nxe4 fxe4 23. Bd2 Rxa3 24. Rxa3 Bxa3 25. Bxe4 g6 26. Rh3 Bb2 27. Bc3
Rf4 28. Bxc6 1/2-1/2

[Event "12th ChessMates International, York"]
[Site "York Guildhall"]
[Date "2025.03.21"]
[Round "1.32"]
[White "Kien, Clovis"]
[Black "Haubold, Sebastian"]
[Result "0-1"]
[WhiteElo "1861"]
[BlackElo "2151"]
[PlyCount "72"]
[EventDate "2025.??.??"]
[WhiteTeam "Monaco"]
[BlackTeam "LSJ Sachsen-Anhalt"]
[WhiteTeamCountry "MNC"]

1. d4 Nf6 2. c4 g6 3. Nc3 Bg7 4. e4 d6 5. Nf3 O-O 6. Be2 e5 7. O-O Nbd7 8. Re1
h6 9. Bf1 Qe7 10. Nb5 Ne8 11. d5 f5 12. Rb1 f4 13. b4 g5 14. Nd2 Ndf6 15. Qc2
g4 16. f3 Nh5 17. c5 a6 18. cxd6 cxd6 19. Nc3 b5 20. a4 g3 21. h3 Bxh3 22. gxh3
Qa7+ 23. Kh1 Qf2 24. Bg2 Qxe1+ 25. Nf1 Qf2 26. Qxf2 gxf2 27. axb5 axb5 28. Nxb5
Ra2 29. Na3 Re2 30. b5 Re1 31. Kh2 Nef6 32. h4 Nd7 33. Bh3 Nc5 34. Kg2 Nd3 35.
Bd2 Ng3 36. b6 Nxf1 0-1

[Event "12th ChessMates International, York"]
[Site "York Guildhall"]
[Date "2025.03.21"]
[Round "1.33"]
[White "Herter, Arne"]
[Black "Brion Lacherest, Nathan"]
[Result "1-0"]
[WhiteElo "2073"]
[BlackElo "2037"]
[PlyCount "127"]
[EventDate "2025.??.??"]
[WhiteTeam "LSJ Sachsen-Anhalt"]
[BlackTeam "Monaco"]
[BlackTeamCountry "MNC"]

1. e4 e5 2. Nf3 Nc6 3. Bb5 a6 4. Ba4 Nf6 5. O-O Be7 6. Re1 b5 7. Bb3 d6 8. a4
b4 9. c3 a5 10. d3 O-O 11. h3 h6 12. Nbd2 Re8 13. Nf1 Bf8 14. Ng3 d5 15. exd5
Nxd5 16. d4 bxc3 17. dxe5 cxb2 18. Bxb2 Be6 19. Rc1 Ndb4 20. Bxe6 Rxe6 21. Qe2
Qd5 22. Red1 Qa2 23. Nh5 Ree8 24. Nf4 Rad8 25. e6 Rxd1+ 26. Rxd1 fxe6 27. Ne5
Nxe5 28. Qxe5 Qxa4 29. Rc1 c6 30. Qh5 c5 31. Ra1 Qd7 32. Rxa5 Nd5 33. Nd3 Rc8
34. Ne5 Qb7 35. Nc4 Qb4 36. Qe5 Re8 37. Ra7 Nf6 38. Na3 Qb8 39. Rc7 Qb3 40. Qe2
Bd6 41. Ra7 Qd5 42. Nc4 Bb8 43. Ra6 e5 44. Ne3 Qd7 45. Ra1 Rd8 46. Rd1 Qe8 47.
Rc1 Qe7 48. Nf5 Qe6 49. Ne3 Bd6 50. Ra1 Nd5 51. Nxd5 Qxd5 52. Ra7 Bb8 53. Ra1
c4 54. Qg4 Bd6 55. Rc1 Rb8 56. Bc3 Re8 57. Rd1 Qc6 58. Qg6 Rf8 59. Qxd6 Qa4 60.
Bxe5 Qa2 61. Rf1 Qc2 62. Qe6+ Kh8 63. Qxh6+ Qh7 64. Bxg7+ 1-0

[Event "12th ChessMates International, York"]
[Site "York Guildhall"]
[Date "2025.03.21"]
[Round "1.34"]
[White "Berezovsky, Fiorina"]
[Black "Petzold, Johannes Julius"]
[Result "0-1"]
[WhiteElo "1816"]
[BlackElo "1889"]
[PlyCount "72"]
[EventDate "2025.??.??"]
[WhiteTeam "Monaco"]
[BlackTeam "LSJ Sachsen-Anhalt"]
[WhiteTeamCountry "MNC"]

1. d4 Nf6 2. c4 g6 3. f3 Bg7 4. e4 d6 5. Nc3 O-O 6. Nge2 c5 7. Be3 Nc6 8. dxc5
dxc5 9. Qxd8 Rxd8 10. Bxc5 b6 11. Be3 Nb4 12. Kf2 Nd3+ 13. Kg1 Nxb2 14. c5 Nc4
15. Bf2 Ba6 16. Rc1 Rac8 17. cxb6 axb6 18. g3 Bh6 19. f4 Nd2 20. Bxb6 Rd6 21.
e5 Rxb6 22. exf6 e5 23. Bh3 Rc4 24. Nd5 Rb2 25. Bg2 Rxc1+ 26. Nxc1 exf4 27.
gxf4 Rc2 28. Nb3 Rxa2 29. Nc5 Bc4 30. Nb4 Bxf4 31. Kf2 Ra3 32. Re1 h5 33. Nd5
Bxh2 34. Re8+ Kh7 35. Re7 Bg3+ 36. Kg1 Ra1+ 0-1

[Event "12th ChessMates International, York"]
[Site "York Guildhall"]
[Date "2025.03.21"]
[Round "1.35"]
[White "Noennig, Jakob"]
[Black "Spinosi, Aurelien"]
[Result "0-1"]
[WhiteElo "2030"]
[BlackElo "1976"]
[PlyCount "190"]
[EventDate "2025.??.??"]
[WhiteTeam "LSJ Sachsen-Anhalt"]
[BlackTeam "Monaco"]
[BlackTeamCountry "MNC"]

1. e4 c5 2. Nf3 g6 3. d4 cxd4 4. Nxd4 Nc6 5. Nc3 Bg7 6. Be3 Nf6 7. Bc4 O-O 8.
Bb3 d6 9. f3 Nxd4 10. Bxd4 Be6 11. Qd2 Qa5 12. O-O b5 13. Rad1 b4 14. Ne2 Bxb3
15. axb3 Qb5 16. Nc1 a5 17. Qf2 Rfc8 18. Nd3 Ra6 19. Rd2 Rac6 20. Re1 e5 21.
Be3 Qb7 22. Red1 Qc7 23. Ne1 Nd7 24. Rd5 Ra8 25. Qd2 Raa6 26. Qd3 Nf8 27. Ra1
Ra8 28. Rb5 Qd8 29. Qd5 Rca6 30. Kh1 Nd7 31. Rb7 Qc8 32. Bb6 Rxb6 33. Rxd7 Qxd7
34. Qxa8+ Bf8 35. Rxa5 Qc7 36. Qd5 Rb7 37. g3 Bh6 38. Ra6 Rb6 39. Ra8+ Kg7 40.
Qc4 Qb7 41. Rc8 Qa6 42. Rc7 Qxc4 43. bxc4 b3 44. c5 dxc5 45. Rxc5 Be3 46. Rxe5
Bd2 47. Nd3 bxc2 48. Rc5 Rd6 49. Rxc2 Rxd3 50. Kg2 Bb4 51. Kf2 Rb3 52. e5 Ba5
53. f4 Bb6+ 54. Ke2 Bd4 55. Rc4 Rxb2+ 56. Kf3 Bb6 57. h3 Rh2 58. h4 Rb2 59. Rc3
h5 60. Ke4 Ba5 61. Ra3 Be1 62. Re3 Bb4 63. f5 gxf5+ 64. Kxf5 Rf2+ 65. Ke4 Rf1
66. Kd5 Rd1+ 67. Kc4 Be7 68. Kc3 Rd5 69. Kc4 Ra5 70. e6 f5 71. Rb3 Ra4+ 72. Kd5
Ra5+ 73. Kc6 Kf6 74. Re3 Ra6+ 75. Kd7 Rd6+ 76. Kc7 Rxe6 77. Rf3 Re4 78. Kd7
Rd4+ 79. Kc6 Ra4 80. Kd5 Ra3 81. Rxa3 Bxa3 82. Kd4 Bd6 83. g4 fxg4 84. Ke3 Bg3
85. Ke2 Bxh4 86. Kf1 Kf5 87. Kg2 Kf4 88. Kh2 Bf6 89. Kg2 h4 90. Kh2 Kf3 91. Kh1
g3 92. Kg1 Bd4+ 93. Kh1 g2+ 94. Kh2 g1=Q+ 95. Kh3 Qg3# 0-1

[Event "12th ChessMates International, York"]
[Site "York Guildhall"]
[Date "2025.03.21"]
[Round "1.36"]
[White "Marchix, Timeo"]
[Black "Haubold, Christian"]
[Result "0-1"]
[WhiteElo "1603"]
[BlackElo "2034"]
[PlyCount "46"]
[EventDate "2025.??.??"]
[WhiteTeam "Monaco"]
[BlackTeam "LSJ Sachsen-Anhalt"]
[WhiteTeamCountry "MNC"]

1. e4 e5 2. Nc3 Nc6 3. f4 d6 4. Nf3 Nf6 5. Bc4 Be6 6. Bb3 Bg4 7. h3 Bxf3 8.
Qxf3 Nd4 9. Qf2 c6 10. d3 Be7 11. Be3 Nh5 12. Bxf7+ Kxf7 13. fxe5+ Ke8 14.
O-O-O Rf8 15. Qd2 dxe5 16. Rdf1 Rxf1+ 17. Rxf1 Ng3 18. Re1 Bh4 19. Kb1 Qf6 20.
Rc1 Nf1 21. Rxf1 Qxf1+ 22. Nd1 Be1 23. Qc1 Ne2 0-1

[Event "12th ChessMates International, York"]
[Site "York Guildhall"]
[Date "2025.03.21"]
[Round "1.37"]
[White "Polzin, Gustav"]
[Black "Alfano, Emilie"]
[Result "1-0"]
[WhiteElo "1965"]
[BlackElo "2141"]
[PlyCount "73"]
[EventDate "2025.??.??"]
[WhiteTeam "LSJ Sachsen-Anhalt"]
[BlackTeam "Monaco"]
[BlackTeamCountry "MNC"]

1. e4 c5 2. Nc3 e6 3. Nge2 d5 4. exd5 exd5 5. d4 cxd4 6. Qxd4 Be6 7. Nf4 Nc6 8.
Bb5 a6 9. Bxc6+ bxc6 10. O-O Nf6 11. Re1 Qd7 12. Na4 Ne4 13. Nd3 Rc8 14. Qe3
Qc7 15. f3 Qa5 16. b3 Nd6 17. Bd2 Qb5 18. Nc3 Qb8 19. Qg5 h6 20. Rxe6+ fxe6 21.
Qg6+ Kd8 22. Nc5 Qa7 23. Be3 Qf7 24. Nxe6+ Ke8 25. Nxf8 Qxg6 26. Nxg6 Rg8 27.
Ne5 Nf7 28. Nd3 Ra8 29. Re1 Kd7 30. Na4 Kc7 31. Bb6+ Kc8 32. Re7 Nd6 33. Bc5
Nf5 34. Nb6+ Kb8 35. Rf7 g6 36. Ne5 Re8 37. Nxc6# 1-0

[Event "12th ChessMates International, York"]
[Site "York Guildhall"]
[Date "2025.03.21"]
[Round "1.38"]
[White "De Martino, Daniele"]
[Black "Roessling, Laura Marie"]
[Result "1-0"]
[WhiteElo "1876"]
[BlackElo "1614"]
[PlyCount "91"]
[EventDate "2025.??.??"]
[WhiteTeam "Monaco"]
[BlackTeam "LSJ Sachsen-Anhalt"]
[WhiteTeamCountry "MNC"]

1. d4 d5 2. Nc3 Nf6 3. Bf4 Bf5 4. f3 e6 5. Qd2 a6 6. g4 Bg6 7. h4 h6 8. Nh3 Bb4
9. Nf2 Nc6 10. e3 Qe7 11. a3 Bd6 12. Bxd6 Qxd6 13. O-O-O O-O-O 14. Bd3 Bxd3 15.
Nxd3 Nd7 16. Qh2 Qe7 17. Nf4 Nb6 18. Rhe1 Nc4 19. e4 dxe4 20. Rxe4 Nd6 21. Ree1
Qf6 22. d5 Nd4 23. Nh5 Nxf3 24. Qg3 Qxh4 25. Qxf3 g6 26. Ng3 Qg5+ 27. Kb1 Rhe8
28. Nge4 Nxe4 29. Nxe4 Qe7 30. Nf6 Rf8 31. Qc3 Rd6 32. dxe6 fxe6 33. Nd5 Qh7
34. Nf6 Qe7 35. Rxd6 Qxd6 36. Ne4 Qf4 37. Nc5 Qxg4 38. Nxe6 Rf7 39. Qh8+ Kd7
40. Qd8+ Kc6 41. Qe8+ Rd7 42. Nd8+ Kb5 43. Qe5+ Kb6 44. Qe3+ Qd4 45. Qb3+ Kc5
46. Ne6+ 1-0

[Event "12th ChessMates International, York"]
[Site "York Guildhall"]
[Date "2025.03.21"]
[Round "1.39"]
[White "Belin, Anton"]
[Black "Kriuchkov, Nikita"]
[Result "1-0"]
[WhiteElo "2035"]
[BlackElo "1666"]
[PlyCount "77"]
[EventDate "2025.??.??"]
[WhiteTeam "LSJ Sachsen-Anhalt"]
[BlackTeam "Monaco"]
[BlackTeamCountry "MNC"]

1. e4 e5 2. Nf3 Nc6 3. Bb5 a6 4. Ba4 Nf6 5. O-O Be7 6. Re1 b5 7. Bb3 d6 8. a4
Bg4 9. c3 O-O 10. d3 Na5 11. Bc2 c5 12. Nbd2 Re8 13. h3 Bh5 14. Nf1 Qc7 15. Ng3
Bg6 16. Nh4 Rad8 17. Ngf5 Nh5 18. Nxe7+ Rxe7 19. Bg5 f6 20. Nxg6 hxg6 21. Bd2
Kf8 22. Qg4 Kf7 23. axb5 axb5 24. Rxa5 Qxa5 25. Bb3+ Kf8 26. Qxg6 Nf4 27. Bxf4
exf4 28. Qh5 Rc7 29. Qh8+ Ke7 30. Qxg7+ Ke8 31. Qg8+ Kd7 32. Be6+ Kc6 33. Bd5+
Kb6 34. Qxd8 Ka7 35. b4 cxb4 36. cxb4 Qxb4 37. Qxc7+ Ka6 38. Qb7+ Ka5 39. Qa7#
1-0

[Event "12th ChessMates International, York"]
[Site "York Guildhall"]
[Date "2025.03.21"]
[Round "1.40"]
[White "Pervent, Louis"]
[Black "Noennig, Lotte"]
[Result "0-1"]
[WhiteElo "1576"]
[BlackElo "1633"]
[PlyCount "136"]
[EventDate "2025.??.??"]
[WhiteTeam "Monaco"]
[BlackTeam "LSJ Sachsen-Anhalt"]
[WhiteTeamCountry "MNC"]

1. e4 e5 2. Nf3 Nc6 3. Bb5 a6 4. Ba4 Nf6 5. O-O Be7 6. Re1 b5 7. Bb3 d6 8. c3
O-O 9. a4 Bg4 10. d3 Na5 11. Bc2 c5 12. Nbd2 Re8 13. Nf1 Qc7 14. h3 Bh5 15. Ng3
Bg6 16. Be3 Rad8 17. Nh4 Nc6 18. Nxg6 fxg6 19. Bb3+ Kh8 20. d4 Qb7 21. Re2 Na5
22. axb5 Nxb3 23. Qxb3 axb5 24. d5 Ra8 25. Ree1 Reb8 26. Rxa8 Rxa8 27. Rc1 Ra4
28. Qc2 Nd7 29. b3 Ra3 30. Qb2 Qa6 31. Nf1 Nb6 32. b4 Nc4 33. Qb1 Qa4 34. bxc5
dxc5 35. Nd2 h6 36. Nf3 Nxe3 37. fxe3 Bf6 38. Qd3 b4 39. Qc4 Ra1 40. Qf1 Rxc1
41. Qxc1 b3 42. Nd2 Qa2 43. Kf1 Bg5 44. Ke2 c4 45. g3 h5 46. h4 Be7 47. Kd1 Qa4
48. Ke2 Bc5 49. Qb2 Qa2 50. Qb1 Qa6 51. Qb2 Qb5 52. Kf2 Qa4 53. Ke2 Qa6 54. Qb1
Qa2 55. Qc1 Qa4 56. Qb2 Qb5 57. Kf2 Bb6 58. Qb1 Qc5 59. Qe1 Ba5 60. Qa1 Bb6 61.
Qe1 Qa5 62. Qc1 Qa2 63. Ke2 Qc2 64. Qa1 Qd3+ 65. Kd1 Bxe3 66. Qb2 Bxd2 67. Qa3
Be3+ 68. Ke1 Qd2+ 0-1

[Event "12th ChessMates International, York"]
[Site "York Guildhall"]
[Date "2025.03.21"]
[Round "2.1"]
[White "Thorisson, Benedikt"]
[Black "Shnurov, Daniil"]
[Result "1/2-1/2"]
[WhiteElo "2065"]
[BlackElo "2164"]
[PlyCount "85"]
[EventDate "2025.??.??"]
[WhiteTeam "Iceland"]
[BlackTeam "Estonia"]
[WhiteTeamCountry "ISL"]
[BlackTeamCountry "EST"]

1. e4 c6 2. Nc3 d5 3. Nf3 Bg4 4. h3 Bxf3 5. Qxf3 e6 6. d4 dxe4 7. Qe3 Nf6 8.
Nxe4 Nxe4 9. Qxe4 Nd7 10. c3 Nf6 11. Qc2 Bd6 12. Bd3 h6 13. O-O O-O 14. Re1 Nd5
15. Be3 Nxe3 16. fxe3 Bc7 17. Qf2 Qd6 18. Qf3 f5 19. Rf1 e5 20. Qg3 Qd7 21. Qg6
Rf6 22. Bxf5 Rxg6 23. Bxd7 Rd8 24. Bf5 Rf6 25. Bc2 Kf7 26. Rad1 Ke6 27. g4 Ke7
28. Kg2 Rdf8 29. Rxf6 Rxf6 30. c4 Rd6 31. d5 cxd5 32. Rxd5 Rxd5 33. cxd5 Kd6
34. Bb3 e4 35. Kg3 Ke5 36. Bc4 g5 37. b4 a5 38. bxa5 Bxa5 39. Kf2 Bb4 40. Ke2
Bc5 41. Kd2 Bb4+ 42. Kc2 Bc5 43. Kd2 1/2-1/2

[Event "12th ChessMates International, York"]
[Site "York Guildhall"]
[Date "2025.03.21"]
[Round "2.2"]
[White "Blokhin, Sofia"]
[Black "Gudmundsson, Gunnar Erik"]
[Result "1-0"]
[WhiteElo "2020"]
[BlackElo "2044"]
[PlyCount "113"]
[EventDate "2025.??.??"]
[WhiteTeam "Estonia"]
[BlackTeam "Iceland"]
[WhiteTeamCountry "EST"]
[BlackTeamCountry "ISL"]

1. d4 Nf6 2. c4 e6 3. Nc3 Bb4 4. a3 Bxc3+ 5. bxc3 c5 6. f3 d6 7. e4 Nc6 8. Be3
b6 9. Bd3 e5 10. d5 Na5 11. Qe2 Ba6 12. Nh3 Qd7 13. a4 O-O-O 14. Nf2 Ng8 15. f4
Ne7 16. fxe5 dxe5 17. O-O f6 18. g4 Rdf8 19. Nh1 h5 20. gxh5 Qh3 21. Ng3 Kb8
22. Rab1 Ka8 23. Rf2 Nc8 24. h6 gxh6 25. Nf5 Rfg8+ 26. Kh1 Rg6 27. Rg1 Rxg1+
28. Kxg1 Rg8+ 29. Rg2 Ne7 30. Rxg8+ Nxg8 31. d6 Bc8 32. Qg2 Qxg2+ 33. Kxg2 Kb8
34. Nxh6 Nxh6 35. Bxh6 Nb7 36. Bf8 Be6 37. Be2 Kc8 38. Kg3 Kd8 39. Be7+ Ke8 40.
Bh5+ Kd7 41. Bg4 Nxd6 42. Bxd6 Kxd6 43. Bxe6 Kxe6 44. Kg4 f5+ 45. exf5+ Kf6 46.
h4 e4 47. Kf4 e3 48. Kxe3 Kxf5 49. h5 Kg5 50. Ke4 Kxh5 51. Kd5 Kg5 52. Kc6 Kf5
53. Kb7 Ke4 54. Kxa7 Kd3 55. Kxb6 Kxc4 56. a5 Kxc3 57. Kxc5 1-0

[Event "12th ChessMates International, York"]
[Site "York Guildhall"]
[Date "2025.03.21"]
[Round "2.3"]
[White "Omarsson, Adam"]
[Black "Gorkov, Kirill"]
[Result "0-1"]
[WhiteElo "2073"]
[BlackElo "2086"]
[PlyCount "116"]
[EventDate "2025.??.??"]
[WhiteTeam "Iceland"]
[BlackTeam "Estonia"]
[WhiteTeamCountry "ISL"]
[BlackTeamCountry "EST"]

1. d4 Nf6 2. c4 c5 3. d5 e6 4. Nc3 exd5 5. cxd5 d6 6. e4 g6 7. f4 Bg7 8. Bb5+
Nfd7 9. Be2 O-O 10. Nf3 Re8 11. O-O Na6 12. Nd2 Nc7 13. Nc4 Nb6 14. Re1 Nxc4
15. Bxc4 a6 16. a4 Rb8 17. a5 b5 18. axb6 Rxb6 19. Qc2 Nb5 20. Qd3 Bd7 21. Ra5
f5 22. Na4 fxe4 23. Qd1 Rb8 24. Rxa6 h5 25. Nxc5 dxc5 26. Rxg6 Bg4 27. Qd2 Qd7
28. h3 Bf5 29. d6+ Kh8 30. Rg5 Bd4+ 31. Kh1 Nxd6 32. Rxh5+ Bh7 33. Be2 Kg8 34.
Rg5+ Kf8 35. Rf1 e3 36. Qe1 Ne4 37. Bc4 Nf2+ 38. Kh2 Qd6 39. g3 Qh6 40. h4 Qc6
41. Qe2 Qd7 42. f5 Rb4 43. Be6 Qc7 44. Qh5 Re7 45. f6 Rxe6 46. Rg7 Qxg7 47.
fxg7+ Kxg7 48. Bxe3 Bxe3 49. Ra1 Re7 50. Ra2 Ng4+ 51. Kh3 Nf6 52. Qf3 Be4 53.
Qf1 Bd5 54. Ra6 Be6+ 55. Rxe6 Rxe6 56. Qf5 Kf7 57. h5 Rg4 58. h6 Rg5 0-1

[Event "12th ChessMates International, York"]
[Site "York Guildhall"]
[Date "2025.03.21"]
[Round "2.4"]
[White "Rajandu, Aaron"]
[Black "Hermannsson, Sigurbjorn"]
[Result "1-0"]
[WhiteElo "1869"]
[BlackElo "1849"]
[PlyCount "74"]
[EventDate "2025.??.??"]
[WhiteTeam "Estonia"]
[BlackTeam "Iceland"]
[WhiteTeamCountry "EST"]
[BlackTeamCountry "ISL"]

1. e4 c5 2. Nc3 Nc6 3. g3 g6 4. Bg2 Bg7 5. Nge2 e6 6. d3 Nge7 7. Be3 Nd4 8. Qd2
O-O 9. O-O d6 10. Nd1 Nxe2+ 11. Qxe2 Nc6 12. c3 Bd7 13. f4 Rb8 14. e5 Qc7 15.
d4 cxd4 16. cxd4 b5 17. Nc3 Ne7 18. Rac1 Nf5 19. Bf2 b4 20. Ne4 Qa5 21. Rfd1
Bb5 22. Qd2 dxe5 23. dxe5 Rfd8 24. Qc2 Bf8 25. b3 Be7 26. g4 Ng7 27. h3 Qa6 28.
Qc7 Kf8 29. Qxe7+ Kxe7 30. Bc5+ Rd6 31. Bxd6+ Kd8 32. Bxb8+ Bd3 33. Nc5 Qb6 34.
Rxd3+ Ke8 35. Bd6 Nf5 36. gxf5 Qc6 37. Bxc6+ Kd8 1-0

[Event "12th ChessMates International, York"]
[Site "York Guildhall"]
[Date "2025.03.21"]
[Round "2.5"]
[White "Johannsson, Markus Orri"]
[Black "Magi, Ramon"]
[Result "1-0"]
[WhiteElo "1871"]
[BlackElo "1798"]
[PlyCount "47"]
[EventDate "2025.??.??"]
[WhiteTeam "Iceland"]
[BlackTeam "Estonia"]
[WhiteTeamCountry "ISL"]
[BlackTeamCountry "EST"]

1. e4 c5 2. Nf3 e6 3. d4 cxd4 4. Nxd4 Nc6 5. Nc3 Qc7 6. Ncb5 Qb8 7. Bd3 a6 8.
Nxc6 bxc6 9. Nd4 Nf6 10. O-O c5 11. Nf3 d5 12. exd5 Nxd5 13. c4 Nf6 14. Re1 Bd6
15. b3 Bb7 16. h3 Qc7 17. Bb2 Rd8 18. Qe2 Qc6 19. Rad1 h5 20. Bg6 Bc7 21. Rxd8+
Bxd8 22. Bxf7+ Kf8 23. Bxe6 Rh6 24. Bxf6 1-0

[Event "12th ChessMates International, York"]
[Site "York Guildhall"]
[Date "2025.03.21"]
[Round "2.6"]
[White "Kryshtafor, Maksym"]
[Black "Briem, Gudrun Fanney"]
[Result "0-1"]
[WhiteElo "1722"]
[BlackElo "1868"]
[PlyCount "80"]
[EventDate "2025.??.??"]
[WhiteTeam "Estonia"]
[BlackTeam "Iceland"]
[WhiteTeamCountry "EST"]
[BlackTeamCountry "ISL"]

1. e4 c6 2. d4 d5 3. e5 Bf5 4. h4 Qb6 5. c3 h6 6. Bd3 Bxd3 7. Qxd3 e6 8. Nf3 c5
9. dxc5 Bxc5 10. O-O Nc6 11. b4 Be7 12. a4 h5 13. Be3 Qc7 14. Na3 a6 15. Bd4
Nh6 16. b5 Nxd4 17. cxd4 Nf5 18. bxa6 bxa6 19. Rfc1 Qa5 20. Nc2 Nxh4 21. Nxh4
Bxh4 22. Ne3 O-O 23. Rc5 Qb4 24. Nc2 Qb2 25. Qh3 Rfc8 26. Qxh4 Rxc5 27. dxc5
Qxc2 28. Qxh5 Qxc5 29. g3 d4 30. Kg2 Qd5+ 31. f3 Rc8 32. Rh1 Rc2+ 33. Kh3 g6
34. Qh4 Qxf3 35. Qd8+ Kg7 36. Rg1 Qf5+ 37. g4 Rc3+ 38. Rg3 Qf1+ 39. Kh4 Qh1+
40. Kg5 Qh6# 0-1

[Event "12th ChessMates International, York"]
[Site "York Guildhall"]
[Date "2025.03.21"]
[Round "2.7"]
[White "B. Berglindardottir, Emilia Embla"]
[Black "Kais, Kristofer"]
[Result "0-1"]
[WhiteElo "1619"]
[BlackElo "1778"]
[PlyCount "38"]
[EventDate "2025.??.??"]
[WhiteTeam "Iceland"]
[BlackTeam "Estonia"]
[WhiteTeamCountry "ISL"]
[BlackTeamCountry "EST"]

1. d4 Nf6 2. c4 e6 3. Nc3 Bb4 4. Bd2 b6 5. e3 Bb7 6. f3 O-O 7. Bd3 c5 8. Qc2
cxd4 9. exd4 d5 10. Nge2 dxc4 11. Bxc4 Nc6 12. Be3 Rc8 13. Bd3 Na5 14. O-O Nc4
15. Bf4 h6 16. Bc1 Nd5 17. Qb3 Na5 18. Qc2 Nxc3 19. bxc3 Bxc3 0-1

[Event "12th ChessMates International, York"]
[Site "York Guildhall"]
[Date "2025.03.21"]
[Round "2.8"]
[White "Voropaiev, Illia"]
[Black "Alguno Openia, Tristan Nash"]
[Result "0-1"]
[WhiteElo "1730"]
[BlackElo "1576"]
[PlyCount "74"]
[EventDate "2025.??.??"]
[WhiteTeam "Estonia"]
[BlackTeam "Iceland"]
[WhiteTeamCountry "EST"]
[BlackTeamCountry "ISL"]

1. e4 c5 2. Nf3 d6 3. Bc4 Nf6 4. d3 a6 5. c3 Nc6 6. Bb3 e6 7. O-O Be7 8. Nbd2
O-O 9. Re1 Qc7 10. Nf1 b5 11. Ng3 Bb7 12. Bf4 h6 13. h3 g5 14. Be3 Ne5 15. Nh5
Nxd3 16. Nxf6+ Bxf6 17. Qxd3 c4 18. Qc2 cxb3 19. axb3 Bg7 20. Nd4 d5 21. exd5
Bxd5 22. Rf1 f5 23. f3 f4 24. Bf2 Qf7 25. b4 e5 26. Ne2 Rfe8 27. Kh2 e4 28. Bd4
exf3 29. gxf3 Bc4 30. Rfe1 Bxe2 31. Rxe2 Rxe2+ 32. Qxe2 Bxd4 33. cxd4 Re8 34.
Qd3 Re3 35. Qc2 Qe6 36. Kg1 Rxf3 37. Qd2 Qxh3 0-1